Lettere più comuni della Tavola Periodica - Statistics

Statistiche generali
  • Questo quiz è stato fatto 142 volte
  • Il punteggio medio è 9 su 9
Statistiche sulle risposte
Elementi in cui è presente Lettera % Corretto
13 E
99%
16 C
98%
19 R
98%
16 S
98%
11 T
98%
16 A
97%
12 M
97%
15 N
96%
13 B
93%
Nessun quiz corrispondente trovato
Distribuzione punteggi
Percentuale di utenti per punteggio
Percentile per numero di risposta
I tuoi punteggi nel tempo
Non hai fatto questo quiz